Statistics for NBA Best Teams Of All Time

Click here to take the quiz!

General Stats

  • This quiz has been taken 25 times
    (7 since last reset)
  • The average score is 26 of 40

Answer Stats

Team Position Answer % Correct
2015-16 Golden State WarriorsPGStephen Curry
100%
1985-86 Boston CelticsPFKevin McHale
100%
2016-17 Golden State WarriorsSFKevin Durant
100%
2015-16 Golden State WarriorsPFDraymond Green
100%
2015-16 Golden State WarriorsSGKlay Thompson
100%
1971-72 Los Angeles LakersCWilt Chamberlain
100%
1995-96 Chicago BullsSGMichael Jordan
100%
1995-96 Chicago BullsSFScottie Pippen
100%
1995-96 Chicago BullsPFDennis Rodman
100%
1985-86 Boston CelticsSFLarry Bird
100%
1972-73 Boston CelticsSFJohn Havlicek
100%
1971-72 Los Angeles LakersPGJerry West
83%
1985-86 Boston CelticsCRobert Parish
83%
1995-96 Chicago BullsCLuc Longley
67%
1995-96 Chicago BullsPGRon Harper
67%
1985-86 Boston CelticsPGDennis Johnson
67%
1991-92 Chicago BullsPFHorace Grant
67%
2015-16 Golden State WarriorsSFHarrison Barnes
67%
1972-73 Boston CelticsCDave Cowens
67%
2016-17 Golden State WarriorsCZaza Pachulia
50%
1991-92 Chicago BullsCBill Cartwright
50%
1972-73 Boston CelticsPGJoJo White
50%
2015-16 Golden State WarriorsCAndrew Bogut
50%
1966-67 Philadelphia 76ersSGHal Greer
33%
1966-67 Philadelphia 76ersPGWali Jones
33%
1971-72 Los Angeles LakersSGGail Goodrich
33%
1991-92 Chicago BullsPGJohn Paxson
33%
1985-86 Boston CelticsSGDanny Ainge
17%
1972-73 Boston CelticsSGDon Chaney
0%
1972-73 Boston CelticsPFPaul Silas
0%
1966-67 Philadelphia 76ersPFLuke Jackson
0%
1971-72 Los Angeles LakersPFHappy Hairston
0%
1971-72 Los Angeles LakersSFJim McMillian
0%
1966-67 Philadelphia 76ersSFChet Walker
0%

Score Distribution

Percentile by Number Answered

Percent of People with Each Score

Your Score History

You have not taken this quiz since the last reset